• 首页
  • 本馆介绍
  • 公告通知
  • 最新文献
  • 馆藏检索
  • 电子资源
  • 读者导购
  • 参考咨询
  • 我的图书馆
  • 登录
  • 详细信息显示
  • 放入我的书架
  • 预约/预借图书
  • 作者相关作品
  • 分类相关作品
  • 丛书相关作品
  • 出版社相关作品

书目信息

  • 表格格式
  • 工作单格式
  • 卡片格式
题名:
第三思潮
    
 
作者: 戈布尔, 著 ;吕明 , 陈红雯 译
分册:  
出版信息: 上海   上海译文出版社  2001.10
页数: 204页
开本: 21cm
丛书名: 当代学术思潮译丛
单 册:
中图分类: B84-067
科图分类:
主题词: 人本主义--心理学学派--研究
电子资源:
ISBN: 7-5327-2582-0
000 00977nam0 2200301 45
001 012000005306
005 20031219104054.5
010    @a7-5327-2582-0@dCNY12.50
100    @a20011120d2001 em y0chiy0120 ea
101 1  @achi@ceng
102    @aCN@b310000
105    @ay z 000yy
106    @ar
200 1  @a第三思潮@Adi san si chao@e马斯洛心理学@f著者 (美) 弗兰克·G.戈布尔@g译者吕明, 陈红雯
210    @a上海@c上海译文出版社@d2001.10
215    @a204页@d21cm
225 2  @a当代学术思潮译丛
305    @a根据美国格罗斯曼出版公司1970年版译出
410  0 @12001 @a当代学术思潮译丛
454  1 @12001 @aThe third force@1701 1@aGoble,@bFrank G.
517 1  @a马斯洛心理学@Ama si luo xin li xue
606 0  @a人本主义@x心理学学派@x研究
690    @aB84-067@v4
701  1 @a戈布尔,@Age bu er@bF.G.@g(Goble, Frank G.)@4著
702  0 @a吕明@Alv ming@4译
702  0 @a陈红雯@Achen hong wen@4译
801    @aCN@bTSTC@c20020415
905    @b308142-146@dB84-067@e349@f5
    
    第三思潮:马斯洛心理学/著者 (美) 弗兰克·G.戈布尔/译者吕明, 陈红雯.-上海:上海译文出版社,2001.10
    204页;21cm.-(当代学术思潮译丛)
    译自:
    
    ISBN 7-5327-2582-0:CNY12.50
    
●
相关链接 在E读中查询图书 在五车中查询图书 在当当中查询图书 在豆瓣中查询图书


正题名:第三思潮     索取号:B84-067/349         预约/预借

序号 登录号 条形码 馆藏地/架位号 状态 备注
1 0308142   203081422   密集书库/ [索取号:B84-067/349] 在馆    
2 0308143   203081431   第一借阅区/ [索取号:B84-067/349] 在馆    
3 0308144   203081440   第一借阅区/ [索取号:B84-067/349] 在馆    
4 0308145   203081459   密集书库/ [索取号:B84-067/349] 在馆    
5 0308146   203081468   第一样本阅览室/ [索取号:B84-067/349] 在馆    
唐山师范学院图书馆 欢迎您!
大连网信软件有限公司© 版权所有